| 000 | 00411 a2200145 4500 | ||
|---|---|---|---|
| 005 | 20250626104604.0 | ||
| 020 | _a0-273-70262-9 | ||
| 082 | _a658.15 MCL | ||
| 100 | _aMCLANEY, E. | ||
| 245 | _aBusiness Finance: Theory and Practice | ||
| 250 | _a7th Ed. | ||
| 260 |
_aNew York, _bPrentice Hall, _c2006. |
||
| 300 |
_axvii, 505p.; ill,; figure, table, picture _bReference, appendix, index _c26cm |
||
| 942 |
_2ddc _cBKS |
||
| 999 |
_c5289 _d5289 |
||